| 000 | 02041nam a2200433 c 4500 | ||
|---|---|---|---|
| 001 | 53614 | ||
| 003 | ES-MaCES | ||
| 005 | 20250822114317.0 | ||
| 007 | cr ||||||||||| | ||
| 008 | 250310s2024 sz r i000 | spa d | ||
| 020 | _a9789220409770 (web pdf) | ||
| 040 |
_aES-MaCES _bspa _cES-MaCES |
||
| 245 | 0 | 0 |
_aGlobal wage report 2024-25 _hRecurso electrónico _b: is wage inequality decreasing globally? _cInternational Labour Organization |
| 250 | _a1ª st | ||
| 260 |
_aGeneva _bILO _c2024 |
||
| 300 | _a2 documentos pdf (9,00 mb , 1,27 mb) | ||
| 500 | _aPubl. simultáneamente en francés y español bajo los tits. respectivamente: Rapport mondial sur les salaires 2024–25: vers une baisse des inégalités salariales au niveau mondial? ; Informe mundial sobre salarios 2024-25: ¿está disminuyendo la desigualdad salarial en el mundo? | ||
| 541 | _cGratuito | ||
| 650 | 4 |
_asalario _928387 |
|
| 650 | 4 |
_adiferencia del salario _929458 |
|
| 650 | 4 |
_adistribución del ingreso _927109 |
|
| 650 | 4 |
_aglobalización económica _930653 |
|
| 650 | 4 |
_amercado de trabajo _928292 |
|
| 650 | 4 |
_aevaluación del impacto _930732 |
|
| 650 | 4 |
_apaís desarrollado _927091 |
|
| 650 | 4 |
_apaís en desarrollo _927092 |
|
| 650 | 4 |
_a2024-2025 _941117 |
|
| 650 | 4 |
_ainforme _928986 |
|
| 653 | 1 | 0 | _aRelaciones laborales-Empleo |
| 710 | 2 |
_94718 _aOrganización Internacional del Trabajo _eed. |
|
| 740 | 0 | 2 | _aRapport mondial sur les salaires 2024–25: vers une baisse des inégalités salariales au niveau mondial? |
| 740 | 0 | 2 | _aInforme mundial sobre salarios 2024-25, ¿está disminuyendo la desigualdad salarial en el mundo? |
| 775 | 0 |
_tInforme mundial sobre salarios 2022-2023 _w(ES-MaCES)53299 |
|
| 856 | 4 |
_uhttp://biblioteca.ces.es/repintra/B53614.pdf _ytexto completo _z[intranet] |
|
| 856 | 4 |
_uhttp://biblioteca.ces.es/repintra/B53614 (res. spa).pdf _yres. spa _z[intranet] |
|
| 856 | 4 |
_uhttps://doi.org/10.54394/CJQU6666 _yhttps://doi.org/10.54394/CJQU6666 |
|
| 902 | _aELE PUB. ELECTRONICA | ||
| 942 |
_2CES _cBK _h2.0. |
||
| 999 |
_c53614 _d53614 |
||